| 000 | 00641nam a2200217Ii 4500 | ||
|---|---|---|---|
| 003 | JO-AjNU | ||
| 008 | 230606s9999||||xx |||||||||||||| ||und|| | ||
| 020 | _a978-0-357-50440-6 | ||
| 040 |
_aJO-AjNU _beng _erda _cJO-AjNU |
||
| 041 | _aeng | ||
| 050 | 1 | 4 | _aTK5105.5 2023 |
| 100 | 3 |
_aWest,Jill, Curt M.White, _eauthor _96611 |
|
| 245 | 0 | 0 | _aData Communications and Computer Networks: A Business User,s Approach |
| 250 | _a9ed | ||
| 264 | 3 | 1 | _aAustralia:CENGAGE,2023 |
| 300 | _a488p | ||
| 336 |
_atext _btxt _2rdacontent |
||
| 337 |
_aunmediated _bn _2rdamedia |
||
| 338 |
_avolume _bnc _2rdacarrier |
||
| 650 | 4 |
_a computer Networks _96612 |
|
| 999 |
_aE3432 _c3426 _d3426 |
||